000 01002nam a2200277 i 4500
001 C2-0343097
003 PPAK
005 20180728144339.0
008 170822s2013 caua|||| ||||| | eng d
020 _a9781433349041
040 _aPPAK
_beng
_cPPAK
_erda
082 0 4 _a428.6
_223
090 0 0 _a428.6
_bRIC
_dK
100 1 _aRice, Dona Herweck,
_eauthor
245 1 0 _aBad guys and gals of the Ancient world
264 1 _aHuntington Beach, California :
_bTeacher Created Materials ,
_c2013
300 _a64 pages :
_bcolour photographs ;
_c21 cm
336 _2rdacontent
_atext
337 _2rdamedia
_aunmediated
338 _2rdacarrier
_avolume
490 1 _aTime for kids nonfiction readers
500 _aLevel : 5.2 (Word Count : 1790) ; Reading Level Correlations : Early Intervention Level 27, Guided Reading Level T
650 1 0 _aReaders. ; History, Ancient - Juvenile literature. ; Criminals - Juvenile literature.
830 0 _aTime for kids nonfiction readers
942 _ddc
_cB
999 _c139984
_d139984